000 00536nam a2200205Ia 4500
003 GCL
008 140319s9999 xx 000 0 eng d
040 _aGCL /
_cGCL
082 0 4 _a690.2
_bB A
100 1 _aBARRON, MICHAEL
245 1 0 _aAUDITORIUM ACOUSTICS AND ARCHITECTURAL DESIGN /
_cBARRON, MICHAEL
260 _a[S.N] :
_bEAND FN SPON ،
_c1993
300 _a443 P
650 0 4 _aBUILDINGS
650 0 4 _aSOUND WAVES
650 0 4 _aARCHITECTURE
650 0 4 _aACOUSTICS
650 0 4 _aSTRUCTURAL ENGINEERING
942 _2ddc
_cBK
999 _c21192
_d21192